000 00915nam a22002177a 4500
999 _c8170
_d8170
003 AR-CdUCM
008 190322b ||||| |||| 00| 0 spa d
040 _aMUNICIPALIDAD PROVINCIAL DEL CUSCO
_cBIBLIOTECA MUNICIPAL DEL CUSCO
082 _a693.702 /
_bP59
100 _aPinós Calvet, José
_923046
245 _aEl acero en la construcción :
_bmanual para el proyecto, cálculo y ejecución de construcciones en acero /
260 _aBarcelona:
_bReverté,
_c1972.
300 _a1288 páginas ;
_bIlustraciones,
_c24 cm.
500 _aTitulo original: Stahl im hochbau.
505 _aGeneralidades sobre el acero -- Perfiles -- Uniones de perfiles laminados -- Acero para diferentes usos -- Resistencia de materiales y estática.
650 _aEstructuras metálicas
_919741
650 _aResistencia de materiales
_920140
650 _aConstrucciones metalicas
_923047
942 _2ddc
_cLIBROS
945 _aacv